| 000 | 02372nam0a2200373 4500 | ||
|---|---|---|---|
| 001 | RU\NLR\BIBL_A\016237597 | ||
| 005 | 20240301150425.0 | ||
| 010 |
_a978-5-09-099691-4 _950 |
||
| 021 |
_aRU _bКН-П-25-066605 _9КН-П-25-6438 |
||
| 021 |
_aRU _bКН-П-22-083865 _9КН-П-22-7396 |
||
| 035 | _a(NLR Aleph) 016237597 | ||
| 035 | _a(RuMoRGB)011411613 | ||
| 090 |
_a12787327 _c12787327 |
||
| 100 | _a20221214d2022 m y0rusy50 ca | ||
| 101 | 0 | _arus | |
| 102 | _aRU | ||
| 105 | _ay 000|y | ||
| 181 | 1 |
_ai _b e |
|
| 182 | 1 | _an | |
| 200 | 1 |
_aПримерная рабочая программа учебного предмета "Родной (мансийский) язык" _e5-9-е классы _fА. Р. Станиславец |
|
| 203 |
_aТекст _bвизуальный _cнепосредственный |
||
| 210 |
_aМосква _cПросвещение _aСанкт-Петербург _cПросвещение. Санкт-Петербургский филиал _d2022 _eМосква |
||
| 215 |
_a107 с. _d22 см. |
||
| 225 | 1 | _aФГОС | |
| 330 | _aВ Примерной рабочей программе обозначены цели, задачи и особенности обучения на родном (мансийском) языке в соответствии с требованиями ФГОС. В программе отражено место предмета в школьном обучении (2-4-й классы), указаны пути формирования читательских умений и навыков, развития интеллектуальных и речемыслительных особенностей, воспитания духовно-нравственных качеств учащихся, постижения ими родной культуры, представлено тематическое планирование | ||
| 606 |
_aМансийский язык _xПреподавание _xСредняя школа _2nlr_sh2 _3RU\NLR\AUTH\6601586663 |
||
| 675 |
_a373.5.016:811.511.143 _v4 |
||
| 686 |
_a74.268.19=665.1 _2rubbks |
||
| 686 | 1 | _aЧ426.151 | |
| 700 | 1 |
_aСтаниславец _bА. Р. _gАльбина Романовна _4070 |
|
| 852 |
_aNLR _bОНЛ _jМанс./3-164 |
||
| 942 | _cBOOK | ||
| 980 | _aNB | ||